উচ্চতর হিসাবশাস্ত্র / (Record no. 71542)
[ view plain ]
| 000 -LEADER | |
|---|---|
| fixed length control field | 00858nam a2200253 a 4500 |
| 001 - CONTROL NUMBER | |
| control field | 71542 |
| 003 - CONTROL NUMBER IDENTIFIER | |
| rucl marc code | BD-RjUL |
| 005 - DATE AND TIME OF LATEST TRANSACTION | |
| control field | 20211209082128.0 |
| 008 - FIXED-LENGTH DATA ELEMENTS--GENERAL INFORMATION | |
| fixed length control field | 170504s1975 bg a|||| |||| 00| 0 ben d |
| 020 ## - INTERNATIONAL STANDARD BOOK NUMBER | |
| Terms of availability | : Tk. 75.00 |
| 035 ## - SYSTEM CONTROL NUMBER | |
| System control number | (BD-RjUL)71758 |
| 040 ## - CATALOGING SOURCE | |
| Original cataloging agency | BD-RjUL |
| Language of cataloging | ben |
| Transcribing agency | BD-RjUL |
| Modifying agency | BD-RjUL |
| 041 ## - LANGUAGE CODE | |
| Language code of text/sound track or separate title | ben |
| 082 ## - DEWEY DECIMAL CLASSIFICATION NUMBER | |
| Edition number | 23 |
| Classification number | 657 |
| Author mark and year | SAU 1975 |
| 100 1# - MAIN ENTRY--PERSONAL NAME | |
| Personal name | সরকার, কে. পি. |
| 9 (RLIN) | 124097 |
| 245 10 - TITLE STATEMENT | |
| Title | উচ্চতর হিসাবশাস্ত্র / |
| Statement of responsibility, etc. | কে. পি. সরকার, |
| 250 ## - EDITION STATEMENT | |
| Edition statement | ২য় সং. |
| 260 ## - PUBLICATION, DISTRIBUTION, ETC. (IMPRINT) | |
| Place of publication, distribution, etc. | কগুড়া : |
| Name of publisher, distributor, etc. | সাহিত্য কুটির, |
| Date of publication, distribution, etc. | ১৯৭৫ |
| 300 ## - PHYSICAL DESCRIPTION | |
| Pagination | খণ্ড. : |
| Illustrations | চিত্র ; |
| Size | ২৮ সেমি. |
| 505 ## - FORMATTED CONTENTS NOTE | |
| Formatted contents note | খণ্ড. ২ -- |
| 650 ## - SUBJECT ADDED ENTRY--TOPICAL TERM | |
| Topical term or geographic name as entry element | হিসাববিজ্ঞান |
| 9 (RLIN) | 123415 |
| Topical term or geographic name as entry element | Accounting |
| 9 (RLIN) | 124098 |
| 942 ## - ADDED ENTRY ELEMENTS (KOHA) | |
| Source of classification or shelving scheme | Dewey Decimal Classification |
| Koha item type | Books |
| Lost status | Source of classification or shelving scheme | Damaged status | Not for loan | Collection code | Permanent Location | Current Location | Shelving location | Date acquired | Source of acquisition | Cost, normal purchase price | Total Checkouts | Full call number | Date last seen | Copy number | Koha item type |
|---|---|---|---|---|---|---|---|---|---|---|---|---|---|---|---|
| Dewey Decimal Classification | Not For Loan | Non-fiction | Central Library, University of Rajshahi | Central Library, University of Rajshahi | Reading Room | 25/08/1975 | Aligorh Library, Rajshahi | 50.00 | B 657 SAU V-2 1975 | 04/05/2017 | C-1 | Books | |||
| Dewey Decimal Classification | Non-fiction | Central Library, University of Rajshahi | Central Library, University of Rajshahi | 25/08/1975 | Aligarh library, Rajshahi. | 50.00 | B 657 SAU V-2 1975 | 03/11/2021 | C-2 | Books |